[Event "Kazakhstan Chess Cup 2023"]
[Site "Astana KAZ"]
[Date "2023.04.26"]
[Round "5.6"]
[White "Gareyev, Timur"]
[Black "Isanzhulov, Arystan"]
[Result "0-1"]
[WhiteTitle "GM"]
[BlackTitle "FM"]
[WhiteElo "2602"]
[BlackElo "2320"]
[WhiteFideId "14200937"]
[BlackFideId "13711644"]
[EventDate "2023.04.23"]

1. Nf3 Nf6 2. c4 e6 3. Nc3 d5 4. e3 c5 5. cxd5 exd5 6. d4 Nc6 7. Be2 a6 8. O-O
Be6 9. b3 Rc8 10. Bb2 cxd4 11. Nxd4 Bd6 12. Bf3 Ne5 13. Nce2 O-O 14. Nf4 Nxf3+
15. Qxf3 Qd7 16. h3 Ne4 17. Rad1 g6 18. Rd3 Nc5 19. Rc3 Ne4 20. Rxc8 Rxc8 21.
Rd1 Re8 22. Rc1 Bb8 23. Qd1 Ba7 24. Nf3 f6 25. Rc2 Bf7 26. Nd3 Rc8 27. Nd2 Re8
28. Qa1 Qf5 29. g4 Qe6 30. Bd4 Bb8 31. Nxe4 dxe4 32. Nf4 Bxf4 33. exf4 e3 34.
fxe3 Qe4 35. Qd1 Bd5 36. Kh2 Kf7 37. Kg3 h6 38. Kh2 Rc8 39. Rd2 Bc6 40. Bc5 Rd8
41. Bd4 Rxd4 42. exd4 Qxf4+ 43. Kg1 Qg3+ 44. Kf1 Bb5+ 45. Re2 Qxh3+ 0-1

[Event "Kazakhstan Chess Cup 2023"]
[Site "Astana KAZ"]
[Date "2023.04.26"]
[Round "5.8"]
[White "Kassimov, Baurzhan"]
[Black "Daneshvar, Bardiya"]
[Result "1/2-1/2"]
[WhiteTitle "IM"]
[BlackTitle "IM"]
[WhiteElo "2285"]
[BlackElo "2540"]
[WhiteFideId "13704800"]
[BlackFideId "12576468"]
[EventDate "2023.04.23"]

1. c4 Nf6 2. Nc3 e5 3. Nf3 Nc6 4. e3 Bb4 5. Qc2 Bxc3 6. Qxc3 Qe7 7. Be2 d5 8. d4
exd4 9. Nxd4 Nxd4 10. Qxd4 O-O 11. O-O c5 12. Qh4 Rd8 13. cxd5 Nxd5 14. Qxe7
Nxe7 15. e4 Nc6 16. Be3 b6 17. Rfd1 Be6 18. a3 Bb3 19. Rxd8+ Rxd8 20. f3 f6 21.
Rc1 Ne5 22. Rc3 Be6 23. Rc2 Kf8 24. Rd2 Rxd2 25. Bxd2 Bc4 26. Bd1 Nd3 27. Bc3
Ke7 28. Bc2 Kf7 1/2-1/2

[Event "Kazakhstan Chess Cup 2023"]
[Site "Astana KAZ"]
[Date "2023.04.26"]
[Round "5.9"]
[White "Nikitenko, Mihail"]
[Black "Suyarov, Mukhammadzokhid"]
[Result "0-1"]
[WhiteTitle "GM"]
[BlackTitle "FM"]
[WhiteElo "2522"]
[BlackElo "2281"]
[WhiteFideId "13506862"]
[BlackFideId "14210495"]
[EventDate "2023.04.23"]

1. Nf3 Nf6 2. g3 d5 3. Bg2 Bg4 4. O-O c6 5. h3 Bh5 6. c4 e6 7. d4 Nbd7 8. cxd5
exd5 9. Nc3 Bd6 10. Nh4 Bg6 11. Nxg6 hxg6 12. Rb1 a5 13. Bg5 O-O 14. Qd3 Re8 15.
Rfe1 Be7 16. h4 Nf8 17. Bf3 N8h7 18. Bd2 Bd6 19. a3 Qd7 20. Kg2 Re7 21. e4 dxe4
22. Nxe4 Nxe4 23. Bxe4 Nf6 24. Bf3 Rxe1 25. Rxe1 Bc5 26. Be3 Nd5 27. Bg5 Be7 28.
Bxe7 Nxe7 29. Re5 Qd6 30. Qc3 b6 31. Qe1 Ra7 32. Qe3 Rd7 33. Bg4 Rc7 34. Qf4 Qf6
35. Qe4 Ra7 36. Bd1 Rd7 37. Bb3 Kf8 38. Qe3 Rd8 39. Qe4 Nf5 40. d5 Nd6 41. Qe2
c5 42. f4 Nf5 43. Ba4 Kg8 44. Bc6 Nd4 45. Qe4 Qd6 46. Re8+ Rxe8 47. Qxe8+ Kh7
48. Qe5 Qf6 49. Bd7 Qd8 50. Be8 Kg8 51. a4 Nf5 52. Bc6 Nd6 53. b3 Qf6 54. Bd7
Kf8 55. Bg4 c4 56. Bd1 cxb3 57. Bxb3 Qd8 58. Qc3 Qe7 59. Qe5 Qc7 60. Bd1 Qc5 61.
Kh3 Kg8 62. Bf3 Kh7 63. Qe7 Qc8+ 64. Kg2 Qc2+ 65. Kh3 Nf5 66. Qe1 Qxa4 67. h5
Qd7 68. hxg6+ fxg6 69. g4 Nh6 70. Kg3 a4 71. Qb4 b5 72. Qc5 Nf7 73. Qc6 Qa7 74.
Qxb5 a3 75. Qb1 a2 76. Qa1 Nd6 77. Kg2 Qa4 78. Kg3 Qb3 79. Qh1+ Kg8 80. Qh4 g5 0-1

[Event "Kazakhstan Chess Cup 2023"]
[Site "Astana KAZ"]
[Date "2023.04.26"]
[Round "5.10"]
[White "Sadubayev, Airat"]
[Black "Rakhmanov, Aleksandr"]
[Result "1/2-1/2"]
[WhiteTitle "FM"]
[BlackTitle "GM"]
[WhiteElo "2320"]
[BlackElo "2632"]
[WhiteFideId "13713264"]
[BlackFideId "4173708"]
[EventDate "2023.04.23"]

1. e4 c5 2. Nf3 Nf6 3. e5 Nd5 4. Nc3 Nxc3 5. dxc3 Nc6 6. Bf4 Qb6 7. b3 Qc7 8.
Qd2 e6 9. h4 h6 10. h5 b6 11. O-O-O Bb7 12. Kb1 a6 13. Qe1 b5 14. c4 bxc4 15.
Bxc4 Na5 16. Nd2 Bxg2 17. Rg1 Bc6 18. Qe2 Qb7 19. Rg3 Bb5 20. Qd3 Nc6 21. a4 Nd4
22. c3 Bxc4 23. Qxc4 Nc6 24. Ka2 Rb8 25. Rb1 Na5 26. Qe2 Qc6 27. Nc4 Nxc4 28.
Qxc4 Rb7 29. Rd1 f6 30. Qd3 c4 31. Qxc4 Qxc4 32. bxc4 f5 33. Bc1 Rc7 34. Kb3
Rb7+ 35. Kc2 Rc7 36. Kb3 Rb7+ 1/2-1/2

[Event "Kazakhstan Chess Cup 2023"]
[Site "Astana KAZ"]
[Date "2023.04.26"]
[Round "5.11"]
[White "Nugumanov, Bakhtiyar"]
[Black "Ter-Sahakyan, Samvel"]
[Result "0-1"]
[WhiteTitle "IM"]
[BlackTitle "GM"]
[WhiteElo "2316"]
[BlackElo "2613"]
[WhiteFideId "13701797"]
[BlackFideId "13302531"]
[EventDate "2023.04.23"]

1. e4 c5 2. Nf3 d6 3. d4 cxd4 4. Nxd4 Nf6 5. Nc3 a6 6. g3 e5 7. Nb3 Be7 8. Bg2
O-O 9. O-O a5 10. a4 Bg4 11. Bf3 Be6 12. Bg5 Nbd7 13. Nb5 h6 14. Be3 Qb8 15. Nc1
Nc5 16. Bxc5 dxc5 17. Qe2 g6 18. Na2 h5 19. Nac3 h4 20. Rfe1 Re8 21. gxh4 Kg7
22. h5 Rh8 23. Nd5 Bxd5 24. exd5 e4 25. Bxe4 Rxh5 26. h3 Rxh3 27. Bg2 Rh5 28.
Kf1 Qh2 29. Ra3 Nxd5 30. Bxd5 Rxd5 31. Qxe7 Rf5 32. f3 Re8 33. Nd6 Qh3+ 34. Kg1
Rxe7 35. Nxf5+ Qxf5 0-1

[Event "Kazakhstan Chess Cup 2023"]
[Site "Astana KAZ"]
[Date "2023.04.26"]
[Round "5.12"]
[White "Khusenkhojaev, Mustafokhuja"]
[Black "Lysyj, Igor"]
[Result "1-0"]
[WhiteTitle "FM"]
[BlackTitle "GM"]
[WhiteElo "2279"]
[BlackElo "2606"]
[WhiteFideId "14700727"]
[BlackFideId "4150120"]
[EventDate "2023.04.23"]

1. d4 Nf6 2. c4 e6 3. g3 d5 4. Nf3 Be7 5. Bg2 O-O 6. O-O dxc4 7. Qc2 a6 8. a4
Bd7 9. Qxc4 Bc6 10. Bg5 Nbd7 11. Nc3 h6 12. Bxf6 Nxf6 13. b4 Bd5 14. Nxd5 exd5
15. Qb3 c6 16. a5 Bd6 17. e3 Qe7 18. Rfb1 Rae8 19. Ne1 h5 20. Nd3 h4 21. Nc5 g6
22. Re1 Kg7 23. Ra2 Rh8 24. Rae2 hxg3 25. fxg3 Ng4 26. h3 Nf6 27. g4 Bxc5 28.
bxc5 Qc7 29. Rf1 Ne4 30. Bxe4 dxe4 31. Ref2 f6 32. Rb1 Re7 33. Kg2 Qxa5 34. Rbf1
Rf8 35. h4 Qd8 36. h5 Qd7 37. Kg3 gxh5 38. Rf5 Qc7+ 39. R1f4 Qa5 40. g5 Qe1+ 41.
Kh2 Ref7 42. Rf2 Qa5 43. gxf6+ Rxf6 44. Rg2+ Kh6 45. Rxf6+ Rxf6 46. Qg8 Qc7+ 47.
Kg1 1-0

[Event "Kazakhstan Chess Cup 2023"]
[Site "Astana KAZ"]
[Date "2023.04.26"]
[Round "5.13"]
[White "Nurmanova, Alua"]
[Black "Rasulov, Vugar"]
[Result "0-1"]
[WhiteTitle "WIM"]
[BlackTitle "GM"]
[WhiteElo "2224"]
[BlackElo "2510"]
[WhiteFideId "13729390"]
[BlackFideId "13402390"]
[EventDate "2023.04.23"]

1. e4 c5 2. Nf3 e6 3. d4 cxd4 4. Nxd4 a6 5. c4 Nf6 6. Nc3 Qc7 7. Be2 b6 8. O-O
Bb7 9. Qd3 Bc5 10. Kh1 Qd6 11. Be3 Nc6 12. Rad1 Ne5 13. Qb1 Neg4 14. Nf3 Qc7 15.
Bxc5 Qxc5 16. Kg1 d6 17. Rd4 Ke7 18. Rfd1 Rhd8 19. h3 Ne5 20. Ne1 Rac8 21. a3 h6
22. Nc2 Ng6 23. Ne3 Qg5 24. Bf1 Ne5 25. Kh1 Nh5 26. Ne2 Nc6 27. R4d2 g6 28. b4
Ba8 29. Qb3 Ne5 30. Rd4 Nc6 31. R4d2 Qe5 32. Nc3 Nf6 33. Bd3 g5 34. Qb2 h5 35.
Ned5+ exd5 36. exd5 Kf8 37. dxc6 Bxc6 38. Re2 Qf4 39. Kg1 g4 40. h4 Re8 41.
Rxe8+ Rxe8 42. Ne2 Qe5 43. Qd2 Be4 44. Qh6+ Ke7 45. Ng3 Bxd3 46. Rxd3 Kd7 47.
Re3 Qa1+ 48. Kh2 Rxe3 49. Qxe3 Kc7 50. c5 bxc5 51. bxc5 Qe5 52. cxd6+ Qxd6 53.
Qa7+ Kc8 54. Qxf7 a5 55. a4 Qe5 56. Qc4+ Kb7 57. Qf7+ Kb6 58. Qg6 Kc6 59. Kg1
Kd5 60. Qg7 Kd4 61. Qf7 Qe1+ 62. Kh2 Qe5 63. Kg1 Qe1+ 64. Kh2 Qe5 65. Qb3 Nd5
66. Qb2+ Nc3 67. Qb3 Qd5 68. Qb2 Kd3 69. Qc1 Kc4 70. Nf1 Qe5+ 71. Kh1 Qe2 72.
Qf4+ Kb3 73. Ne3 Qd3 74. Qe5 Kxa4 75. Qxh5 g3 76. Qe8+ Kb3 77. Qe6+ Kb2 78. fxg3
a4 79. Kh2 Ne4 80. Qb6+ Ka1 81. Qa7 Kb1 82. Qb6+ Ka2 83. Qe6+ Kb2 84. Qb6+ Ka1
85. Qa7 Kb2 86. Qb6+ Ka2 87. Qe6+ Ka1 88. Qe5+ Kb1 89. Nd5 a3 90. Qb8+ Kc1 91.
Nb4 Qc4 92. h5 Nf6 93. Qf4+ Qxf4 94. gxf4 Nxh5 95. f5 Nf6 96. Kg3 Kb2 97. Kh4
Kb3 98. Nd3 Nd5 99. Kg5 Kc2 100. f6 Nxf6 101. Nb4+ Kb3 102. Nd3 Nd5 0-1

[Event "Kazakhstan Chess Cup 2023"]
[Site "Astana KAZ"]
[Date "2023.04.26"]
[Round "5.14"]
[White "Abdisalimov, Abdimalik"]
[Black "Kozganbay, Erkin"]
[Result "0-1"]
[WhiteTitle "IM"]
[WhiteElo "2494"]
[BlackElo "2316"]
[WhiteFideId "14206323"]
[BlackFideId "13703773"]
[EventDate "2023.04.23"]

1. e4 e6 2. d4 d5 3. e5 c5 4. c3 Nc6 5. Nf3 Bd7 6. a3 Nge7 7. b4 cxd4 8. cxd4
Nf5 9. Bb2 b5 10. Bd3 a5 11. O-O axb4 12. axb4 Rxa1 13. Bxa1 Nxb4 14. Bxf5 exf5
15. Qb3 Be7 16. Bc3 Na6 17. Qa2 Qc8 18. Qxd5 Nc7 19. Qb3 b4 20. d5 Nxd5 21. Qxd5
bxc3 22. Qb3 c2 23. Nc3 O-O 24. Qxc2 Qc4 25. Rd1 Be6 26. Qd3 Rc8 27. Qxc4 Rxc4
28. Nb5 g5 29. h3 Rc5 30. Nbd4 g4 31. Nxe6 fxe6 32. hxg4 fxg4 33. Rd7 Kf7 34.
Nd2 Rd5 35. Rxd5 exd5 36. f4 Bc5+ 37. Kf1 Be3 0-1

[Event "Kazakhstan Chess Cup 2023"]
[Site "Astana KAZ"]
[Date "2023.04.26"]
[Round "5.15"]
[White "Arestanov, Timur"]
[Black "Atabayev, Saparmyrat"]
[Result "1-0"]
[WhiteTitle "FM"]
[BlackTitle "IM"]
[WhiteElo "2183"]
[BlackElo "2448"]
[WhiteFideId "13701304"]
[BlackFideId "14000571"]
[EventDate "2023.04.23"]

1. d4 Nf6 2. c4 e6 3. Nf3 b6 4. g3 Ba6 5. Qc2 d5 6. cxd5 exd5 7. Bg2 Bd6 8. O-O
O-O 9. Nc3 Nbd7 10. Rd1 Re8 11. Bf4 Qe7 12. Rac1 c6 13. Re1 Bb7 14. Bxd6 Qxd6
15. Qf5 Nf8 16. e3 Ng6 17. Qb1 c5 18. dxc5 bxc5 19. Red1 Rac8 20. Ne1 Qe7 21.
Nxd5 Bxd5 22. Bxd5 Ne5 23. Bg2 c4 24. Rd4 Rb8 25. Qc2 Rb6 26. Qc3 Ra6 27. a3 Rb6
28. Rc2 Rb3 29. Qd2 Reb8 30. h3 g6 31. Nf3 c3 32. bxc3 Nxf3+ 33. Bxf3 Rxa3 34.
c4 Ra1+ 35. Kg2 Rc8 36. Rb2 Kg7 37. Rb7 Qe5 38. Qb4 Rc5 39. Rb5 Ra2 40. Qb3 Ra5
41. Rb8 Rc7 42. Ra8 Re7 43. Qb4 Rc5 44. g4 g5 45. Qa4 a5 46. Qb3 Qc7 47. Ra6 Re6
48. Ra8 Re7 49. Qd3 Rd7 50. Ra6 Re7 51. Rdd6 Ne8 52. Rh6 f5 53. gxf5 Rf7 54. Bd5
Nf6 55. Rhxf6 Rxf6 56. Qd4 Qe7 57. Rxf6 Rxd5 58. Rg6+ Kf8 59. Qh8+ 1-0

[Event "Kazakhstan Chess Cup 2023"]
[Site "Astana KAZ"]
[Date "2023.04.27"]
[Round "6.1"]
[White "Goganov, Aleksey"]
[Black "Niemann, Hans Moke"]
[Result "1-0"]
[WhiteTitle "GM"]
[BlackTitle "GM"]
[WhiteElo "2525"]
[BlackElo "2706"]
[WhiteFideId "24109959"]
[BlackFideId "2093596"]
[EventDate "2023.04.23"]

1. e4 c5 2. Nf3 Nc6 3. Bb5 g6 4. Bxc6 bxc6 5. O-O Bg7 6. Re1 Qc7 7. d3 d6 8. e5
dxe5 9. Nc3 c4 10. dxc4 f6 11. Be3 Nh6 12. Qe2 Nf7 13. Nd2 O-O 14. b4 f5 15.
Rab1 e4 16. Na4 Be5 17. g3 f4 18. gxf4 Bxf4 19. Bxf4 Qxf4 20. Nc5 Ng5 21. Ncxe4
Nh3+ 22. Kg2 Bf5 23. Qe3 Rad8 24. Qxf4 Nxf4+ 25. Kg3 Nh5+ 26. Kg2 Rd4 27. c3
Nf4+ 28. Kh1 Rd7 29. f3 Rfd8 30. Nb3 Nd3 31. Rf1 Bh3 32. Rfd1 Bg2+ 33. Kxg2 Nf4+
34. Kg3 Nh5+ 35. Kf2 Rxd1 36. Rxd1 Rxd1 37. Nd4 Rh1 38. a4 Rxh2+ 39. Ke3 Ra2 40.
a5 Nf6 41. Nxc6 Kf7 42. b5 Ke8 43. a6 h5 44. Nxa7 Nxe4 45. fxe4 h4 46. c5 Kd8
47. Nc6+ Kc8 48. Nxe7+ Kd7 49. b6 h3 50. c6+ Kxe7 51. b7 h2 52. b8=Q h1=Q 53.
Qe5+ Kf7 54. Qd5+ Ke7 55. Qxa2 Qg1+ 56. Kd3 Qf1+ 57. Kd4 Qf6+ 58. Kc5 Qxc3+ 59.
Qc4 Qe5+ 60. Qd5 Qc3+ 61. Kb6 Qb4+ 62. Kc7 1-0

[Event "Kazakhstan Chess Cup 2023"]
[Site "Astana KAZ"]
[Date "2023.04.27"]
[Round "6.2"]
[White "Nabaty, Tamir"]
[Black "Isanzhulov, Arystan"]
[Result "1-0"]
[WhiteTitle "GM"]
[BlackTitle "FM"]
[WhiteElo "2645"]
[BlackElo "2320"]
[WhiteFideId "2809052"]
[BlackFideId "13711644"]
[EventDate "2023.04.23"]

1. d4 Nf6 2. Bf4 d5 3. e3 e6 4. Nf3 Bd6 5. Bg3 O-O 6. c4 b6 7. cxd5 exd5 8. Nc3
Bb7 9. Be2 Bxg3 10. hxg3 Qe7 11. Qc2 Nbd7 12. Qf5 Rfe8 13. g4 Nf8 14. Ne5 c5 15.
g5 cxd4 16. exd4 N6d7 17. Nxd7 Qxd7 18. Qxd7 Nxd7 19. Kd2 Nf8 20. Bd3 Ne6 21.
Bxh7+ Kf8 22. Bf5 Nxg5 23. Nb5 Red8 24. Rac1 g6 25. Bxg6 Kg7 26. Bf5 a6 27. Nc3
Rd6 28. f4 Ne4+ 29. Nxe4 dxe4 30. Ke3 Rad8 31. Rc7 Bd5 32. b3 Kg8 33. Rhc1 Kg7
34. Rc8 Rxc8 35. Rxc8 Rf6 36. Bh3 Rd6 37. f5 a5 38. Kf4 Bb7 39. Rc7 Ba8 40. Ke3
Kf6 41. g4 Rd8 42. Bg2 Kg5 43. Rxf7 Kxg4 44. Rf6 Bd5 45. Rxb6 Rc8 46. Rg6+ Kxf5
47. Bh3+ Kxg6 48. Bxc8 Kf6 49. Kf4 e3 50. Kxe3 Ke7 51. Ba6 Kd6 52. Bc4 Bc6 53.
Bd3 Bd7 54. Be4 Be8 55. Kd2 Bd7 56. Kc3 Bb5 57. a4 Bd7 58. Kc4 Be8 59. b4 axb4
60. Kxb4 Bh5 61. Kb5 Be8+ 62. Kb4 Bh5 63. a5 Be2 64. Bb7 Kc7 65. a6 Kb6 66. d5 1-0

[Event "Kazakhstan Chess Cup 2023"]
[Site "Astana KAZ"]
[Date "2023.04.27"]
[Round "6.3"]
[White "Suyarov, Mukhammadzokhid"]
[Black "Sargsyan, Shant"]
[Result "0-1"]
[WhiteTitle "FM"]
[BlackTitle "GM"]
[WhiteElo "2281"]
[BlackElo "2630"]
[WhiteFideId "14210495"]
[BlackFideId "13306766"]
[EventDate "2023.04.23"]

1. d4 d5 2. Nc3 Nf6 3. Bf4 e6 4. Nb5 Na6 5. e3 Be7 6. Nf3 O-O 7. Be2 Bd7 8. Ne5
c6 9. Nc3 c5 10. O-O Nb4 11. Qd2 Rc8 12. Bf3 Nc6 13. Rfd1 Nxe5 14. dxe5 Ne8 15.
a4 Nc7 16. e4 d4 17. Ne2 Bc6 18. c3 dxc3 19. Qxc3 Qe8 20. b3 Rd8 21. Ng3 Rxd1+
22. Rxd1 Qc8 23. Be3 b6 24. Be2 a5 25. f4 Rd8 26. Rf1 Bh4 27. Qc2 Na6 28. Nh5
Nb4 29. Qc4 Bb7 30. Qc1 Bxe4 31. f5 Bxf5 32. Bh6 Qd7 33. Rd1 Bd3 34. Bf3 gxh6
35. Qxh6 Qd4+ 0-1

[Event "Kazakhstan Chess Cup 2023"]
[Site "Astana KAZ"]
[Date "2023.04.27"]
[Round "6.4"]
[White "Ter-Sahakyan, Samvel"]
[Black "Aitbayev, Aslan"]
[Result "1-0"]
[WhiteTitle "GM"]
[BlackTitle "IM"]
[WhiteElo "2613"]
[BlackElo "2427"]
[WhiteFideId "13302531"]
[BlackFideId "13704613"]
[EventDate "2023.04.23"]

1. e4 d6 2. d4 Nf6 3. Nc3 g6 4. Nf3 Bg7 5. Be3 c6 6. Qd2 b5 7. Bd3 Qc7 8. a4 b4
9. Ne2 a5 10. Bh6 O-O 11. h4 Bxh6 12. Qxh6 Ng4 13. Qd2 c5 14. Nf4 e6 15. h5 c4
16. Be2 c3 17. bxc3 bxc3 18. Qc1 Nc6 19. Ng5 Nf6 20. hxg6 hxg6 21. Qe3 e5 22.
Qg3 Re8 23. Qh4 Kf8 24. Nh7+ 1-0

[Event "Kazakhstan Chess Cup 2023"]
[Site "Astana KAZ"]
[Date "2023.04.27"]
[Round "6.5"]
[White "Suleimen, Ergali"]
[Black "Kovalev, Vladislav"]
[Result "0-1"]
[WhiteTitle "FM"]
[BlackTitle "GM"]
[WhiteElo "2398"]
[BlackElo "2612"]
[WhiteFideId "13724452"]
[BlackFideId "13504398"]
[EventDate "2023.04.23"]

1. e4 e5 2. Nf3 Nc6 3. Bb5 a6 4. Ba4 Nf6 5. O-O Be7 6. Re1 b5 7. Bb3 d6 8. c3
O-O 9. d4 Bg4 10. d5 Na5 11. Bc2 Qc8 12. Nbd2 c6 13. h3 Bd7 14. dxc6 Qxc6 15.
Nf1 Rfc8 16. Ng3 g6 17. Qe2 Bf8 18. Bd2 Nc4 19. Bg5 Bg7 20. b3 Nb6 21. Bd2 a5
22. Bd3 a4 23. Rec1 Ne8 24. Be3 Nc7 25. Rab1 axb3 26. axb3 Rcb8 27. c4 bxc4 28.
Bxb6 Qxb6 29. Bxc4 Bh6 30. Rd1 Bf4 31. Nf1 Nb5 32. Qd3 Na3 33. g3 Nxb1 34. gxf4
Na3 35. fxe5 Nxc4 36. bxc4 Ba4 37. Rd2 dxe5 38. Nxe5 Rd8 39. Qf3 Qe6 40. Ng4
Rxd2 41. Nxd2 h5 42. Nf6+ Kg7 43. Nd5 Qe5 44. Qe3 Bc2 45. Nf3 Ra1+ 46. Ne1 f6
47. Nc3 Qg5+ 48. Qxg5 fxg5 49. Kf1 Bd3+ 0-1

[Event "Kazakhstan Chess Cup 2023"]
[Site "Astana KAZ"]
[Date "2023.04.27"]
[Round "6.6"]
[White "Vokhidov, Shamsiddin"]
[Black "Kassimov, Baurzhan"]
[Result "0-1"]
[WhiteTitle "GM"]
[BlackTitle "IM"]
[WhiteElo "2601"]
[BlackElo "2285"]
[WhiteFideId "14204223"]
[BlackFideId "13704800"]
[EventDate "2023.04.23"]

1. e4 e5 2. Nf3 Nc6 3. Bb5 Nf6 4. d3 d6 5. O-O Bd7 6. Re1 g6 7. c3 Bg7 8. h3 O-O
9. Be3 Re8 10. Nbd2 a6 11. Ba4 h6 12. Bb3 Nh5 13. d4 Qf6 14. Bc2 Rad8 15. d5 Ne7
16. Nh2 Bf8 17. Ndf3 Nf4 18. Ng4 Qh8 19. Bxf4 Bxg4 20. hxg4 exf4 21. a4 Bg7 22.
a5 Be5 23. Ra4 Qf6 24. Rb4 c5 25. Rxb7 Rb8 26. Rxb8 Rxb8 27. Qc1 Kg7 28. Bd3 g5
29. Be2 Ng8 30. Qc2 Qe7 31. Bxa6 Ra8 32. Qe2 Nf6 33. Ra1 h5 34. Nxe5 Qxe5 35.
Bb7 Rh8 36. a6 hxg4 37. Qd3 f3 38. g3 Nd7 39. a7 Qf6 40. a8=Q Rh3 0-1

[Event "Kazakhstan Chess Cup 2023"]
[Site "Astana KAZ"]
[Date "2023.04.27"]
[Round "6.7"]
[White "Kozganbay, Erkin"]
[Black "Moiseenko, Alexander"]
[Result "0-1"]
[BlackTitle "GM"]
[WhiteElo "2316"]
[BlackElo "2573"]
[WhiteFideId "13703773"]
[BlackFideId "14102560"]
[EventDate "2023.04.23"]

1. Nf3 d5 2. g3 Nc6 3. d4 Bf5 4. c4 e6 5. Bg2 Nb4 6. O-O Nc2 7. cxd5 Nxa1 8. e4
Bxe4 9. dxe6 fxe6 10. Nc3 Bxf3 11. Qxf3 Nf6 12. Qe2 Kf7 13. Re1 Qd7 14. Bh3 Re8
15. Bg5 Bb4 16. Bxf6 Bxc3 17. bxc3 gxf6 18. Bg4 Re7 19. Bh5+ Kf8 20. Qf3 f5 21.
Rxa1 Kg7 22. Qxb7 c5 23. Qf3 cxd4 24. Qf4 Rd8 25. cxd4 Kh8 26. Re1 Qxd4 27. Rd1
Qb6 28. Qg5 Rxd1+ 29. Bxd1 Rf7 30. Bb3 Qd6 31. Qe3 Qe7 32. Qe5+ Qf6 33. Qxe6
Qxe6 34. Bxe6 Rf6 35. Bb3 Kg7 36. Kg2 Rd6 37. Kf3 Kf6 38. Ke3 a5 39. h3 h5 40.
h4 Rd7 41. Bc2 Rc7 42. Bb3 Ke5 43. Bd1 Rc3+ 44. Kd2 Ra3 45. Bb3 a4 46. Bf7 Kd4
47. Kc1 Rf3 48. Bxh5 Rxf2 49. a3 Rg2 50. Be8 Rxg3 51. Bxa4 Rxa3 52. Bd7 f4 53.
Kd2 Ra2+ 54. Ke1 Ke5 0-1

[Event "Kazakhstan Chess Cup 2023"]
[Site "Astana KAZ"]
[Date "2023.04.27"]
[Round "6.8"]
[White "Daneshvar, Bardiya"]
[Black "Khusenkhojaev, Mustafokhuja"]
[Result "1-0"]
[WhiteTitle "IM"]
[BlackTitle "FM"]
[WhiteElo "2540"]
[BlackElo "2279"]
[WhiteFideId "12576468"]
[BlackFideId "14700727"]
[EventDate "2023.04.23"]

1. c4 Nf6 2. g3 c6 3. Nf3 g6 4. b3 Bg7 5. Bb2 O-O 6. Bg2 d5 7. O-O Bg4 8. d3
Bxf3 9. Bxf3 e6 10. Nd2 Nbd7 11. Bg2 a5 12. Qc2 Qe7 13. a3 Rfd8 14. Rad1 Ne8 15.
d4 a4 16. b4 Nd6 17. e4 Nxc4 18. Nxc4 dxc4 19. Qxc4 c5 20. bxc5 Nxc5 21. Qb4 Qd6
22. e5 Bxe5 23. dxc5 Qxd1 24. Bxe5 Qh5 25. Qf4 Qf5 26. Bxb7 1-0

[Event "Kazakhstan Chess Cup 2023"]
[Site "Astana KAZ"]
[Date "2023.04.27"]
[Round "6.9"]
[White "Rasulov, Vugar"]
[Black "Arestanov, Timur"]
[Result "1-0"]
[WhiteTitle "GM"]
[BlackTitle "FM"]
[WhiteElo "2510"]
[BlackElo "2183"]
[WhiteFideId "13402390"]
[BlackFideId "13701304"]
[EventDate "2023.04.23"]

1. d4 d5 2. Nf3 Nf6 3. c4 dxc4 4. e3 e6 5. Bxc4 a6 6. O-O b5 7. Be2 Bb7 8. a4 b4
9. Nbd2 Nbd7 10. Nc4 c5 11. a5 Be7 12. Nfe5 O-O 13. Bf3 Qc7 14. Bd2 cxd4 15.
exd4 Bxf3 16. Qxf3 Nxe5 17. Nxe5 Qc2 18. Qd3 Rfc8 19. Rac1 Qxd3 20. Nxd3 Nd5 21.
Rfd1 Bd6 22. Kf1 Kf8 23. Ke2 Ke7 24. Re1 Kd7 25. b3 Nc3+ 26. Bxc3 bxc3 27. Kd1
Rab8 28. Kc2 Rb5 29. Ra1 Kc6 30. Ra4 Kd5 31. Ne5 Bc7 32. Rc4 Rxa5 33. Rxc3 Ra2+
34. Kd3 f6 35. Nc6 Kd6 36. Nb4 Rxf2 37. Rec1 Ba5 38. Rxc8 Bxb4 39. R1c6+ Kd5 40.
Rxa6 1-0

[Event "Kazakhstan Chess Cup 2023"]
[Site "Astana KAZ"]
[Date "2023.04.27"]
[Round "6.10"]
[White "Makhnev, Denis"]
[Black "Assylov, Miras"]
[Result "1-0"]
[WhiteTitle "GM"]
[WhiteElo "2483"]
[BlackElo "2094"]
[WhiteFideId "13707647"]
[BlackFideId "13728873"]
[EventDate "2023.04.23"]

1. d4 Nf6 2. c4 e6 3. g3 d5 4. Nf3 Bb4+ 5. Bd2 Be7 6. Bg2 O-O 7. O-O Nbd7 8. Qc2
c6 9. Rd1 b6 10. Bf4 Ba6 11. Ne5 Rc8 12. cxd5 cxd5 13. Nc6 Bb5 14. Nxe7+ Qxe7
15. Nc3 a5 16. Rac1 h6 17. Qd2 Ba6 18. h3 b5 19. Qd3 Ra8 20. Qe3 Nb6 21. b3 Rfc8
22. g4 b4 23. Nb1 Qb7 24. f3 Rc6 25. Rxc6 Qxc6 26. Rc1 Qb5 27. Bf1 Rc8 28. Rxc8+
Nxc8 29. Qc1 Ne7 30. Qc7 Nc6 31. a4 Qb7 32. Qxb7 Bxb7 33. e3 Ne8 34. Nd2 Kf8 35.
Bd3 Ke7 36. Bg3 Kd7 37. Bf2 Nc7 38. e4 Ba6 39. Bc2 Ne7 40. h4 Ne8 41. e5 Ng6 42.
Bg3 Ne7 43. Kf2 Kc8 44. h5 Kd7 45. Bf4 Nc6 46. Be3 Ne7 47. Bf4 Nc6 48. Ke3 Ne7
49. Bg3 Kd8 50. Bh4 Kd7 51. f4 f6 52. f5 exf5 53. gxf5 Nc6 54. Bg3 Ke7 55. Nf3
Kf7 56. Nh4 Bf1 57. Ng6 Bg2 58. e6+ Kg8 59. Bd3 Na7 60. Bb8 1-0

[Event "Kazakhstan Chess Cup 2023"]
[Site "Astana KAZ"]
[Date "2023.04.27"]
[Round "6.11"]
[White "Ansat, Aldiyar"]
[Black "Agmanov, Zhandos"]
[Result "1-0"]
[WhiteTitle "IM"]
[BlackTitle "IM"]
[WhiteElo "2317"]
[BlackElo "2446"]
[WhiteFideId "13715658"]
[BlackFideId "13708309"]
[EventDate "2023.04.23"]

1. e4 e5 2. Nf3 Nc6 3. Bb5 a6 4. Ba4 Nf6 5. O-O Be7 6. Re1 b5 7. Bb3 O-O 8. a4
b4 9. d4 d6 10. h3 Nxd4 11. Nxd4 exd4 12. Qxd4 c5 13. Qd3 Bb7 14. Nd2 Re8 15.
Nf3 h6 16. e5 dxe5 17. Nxe5 Bd5 18. Bxh6 Bxb3 19. Qxb3 Qd5 20. Qxd5 Nxd5 21. Bd2
Bf6 22. Nc4 Bd4 23. Rxe8+ Rxe8 24. Re1 Rd8 25. g4 Kf8 26. Kg2 Rc8 27. f4 Rc6 28.
a5 g6 29. Kf3 Rc8 30. h4 Kg7 31. Rh1 Rh8 32. Rh3 f5 33. gxf5 gxf5 34. h5 Rh6 35.
Ke2 Re6+ 36. Kd3 Kh6 37. Rh2 Bf6 38. Ne5 Kh7 39. Re2 Nc7 40. Kc4 Be7 41. Be3 Rh6
42. Bxc5 Bxc5 43. Kxc5 Ne6+ 44. Kxb4 Nxf4 45. Rf2 Nd5+ 46. Kc5 Ne7 47. b4 Rxh5
48. Kd6 Ng8 49. c4 Nf6 50. Ke6 Ne8 51. Rf4 Rh6+ 52. Ke7 Ng7 53. Kf7 Rh1 54. c5
Kh6 55. c6 Kg5 56. Rc4 Rh7 57. Kg8 1-0